000 00305nam a2200121Ia 4500
005 20251222141920.0
008 251222s9999||||xx |||||||||||||| ||spa||
082 _a828.9/E41C/2006
100 _aEliot, Thomas Stearns
245 0 _aCoros de la Roca
264 _bCentro Cultural Charles PƩguy
942 _cLIB
999 _c8669
_d8669